Industry 4.0 a využitie nástrojov business intelligence a dátovej analytiky diplomová práca

Salvato in:
Dettagli Bibliografici
Autore principale: Bíž, Matej
Ente Autore: Fakulta hospodárskej informatiky EU. Katedra aplikovanej informatiky
Altri autori: Mišút, Martin, 1962-
Natura: Libro
Lingua:slovacco
Pubblicazione: Bratislava 2022
Tags: Aggiungi Tag
Nessun Tag, puoi essere il primo ad aggiungerne!!

MARC

LEADER 00000nbm a2200000 4500
001 0285957
005 20230131090052.2
041 0 |a slo 
044 |a SK 
245 1 0 |a Industry 4.0 a využitie nástrojov business intelligence a dátovej analytiky  |b diplomová práca  |c Matej Bíž ; školiteľ: Martin Mišút 
264 1 |a Bratislava  |c 2022 
300 |a 81 s. 
100 1 |a Bíž, Matej 
700 1 |a Mišút, Martin, 1962- 
710 2 |a Fakulta hospodárskej informatiky EU. Katedra aplikovanej informatiky